Cities and their countries - Statistics

General Stats
  • This quiz has been taken 574 times
  • The average score is 13 of 18
Answer Stats
City Country % Correct
Bristol UK
95%
Bologna Italy
94%
Xian China
93%
Djibouti Djibouti
90%
Tijuana Mexico
87%
Raipur India
79%
Savannah USA
78%
Baku Azerbaijan
74%
Chisinau Moldova
73%
Da Nang Vietnam
72%
Freetown Sierra Leone
71%
Trondheim Norway
70%
Poznan Poland
70%
Cairns Australia
65%
Kigali Rwanda
63%
St John's Canada
51%
Trujillo Peru
33%
Goma Democratic Republic of Congo
23%
No matching quizzes found
Score Distribution
Percent of People with Each Score
Percentile by Number Answered
Your Score History
You have not taken this quiz